Kew bulletin

Detalles Bibliográficos
Título anterior:Bulletin of miscellaneous information
Autor Corporativo: Royal Botanic Gardens, Kew
Formato: Electrónico Revista
Lenguaje:inglés
Publicado: London : H.M.S.O.
<2019-> ; Switzerland : Springer Nature Switzerland AG
Materias:
Acceso en línea:Full text available from Research Library: 10/01/2000 to 01/31/2008

MARC

LEADER 00000nas a2200000 a 4500
001 ssj0017579
003 WaSeSS
005 20200512172242.0
006 m d
007 cr n
008 050614c20089999enkqr p s o 0 a0eng c
010 |a  2007265280 
015 |a GBB5F3988  |2 bnb 
015 |a 17,O11  |2 dnb 
016 7 |a 986286869  |2 DE-101 
016 7 |a 2395107-2  |2 DE-600 
016 7 |a 014764142  |2 Uk 
022 |a 1874-933X  |y 0075-5974 
035 |a (WaSeSS)ssj0017579 
040 |a OCLCS  |b eng  |e pn  |c OCLCS  |d EYM  |d HLS  |d HUL  |d OCLCQ  |d GWDNB  |d UKMGB  |d OCLCQ  |d GBVCP  |d OCLCQ  |d OCLCF  |d OCLCO  |d OCLCQ  |d OCLCO  |d DEBBG  |d GILDS  |d OCLCO  |d AU@  |d VT2  |d IBK  |d OCLCO  |d DLC  |d NJT  |d OCLCQ  |d OCLCO  |d WaSeSS 
042 |a pcc 
050 0 0 |a QK1 
082 0 4 |a 580.7  |b K43 
245 0 0 |a Kew bulletin  |h [electronic resource]. 
246 1 |i Issues for 1992- also have acronym title:  |a KB 
260 |a London :  |b H.M.S.O. 
260 3 |a <2019-> ;  |a Switzerland :  |b Springer Nature Switzerland AG 
310 |a Quarterly 
362 1 |a Began with Volume 63, issue 1 (Mar. 2008). 
500 |a Publisher varies: The Stationery Office, 1996-1998; Trustees, Royal Botanic Gardens, Kew, 1999- 
506 |a License restrictions may limit access. 
515 |a Suspended in 1959. 
525 |a Appendices accompany some issues. 
588 |a Description based on: Vol. 63, issue 1 (Mar. 2008); title from journal homepage (JSTOR, viewed Oct. 31, 2008). 
588 |a Latest issue consulted: Vol. 74, issue 1 (Apr. 2019) (Springer online, viewed Apr. 17, 2019). 
650 0 |a Botany  |v Periodicals. 
650 7 |a Botany.  |2 fast  |0 (OCoLC)fst00836869 
655 0 |a Electronic journals. 
710 2 |a Royal Botanic Gardens, Kew. 
776 0 8 |i Print version:  |t Kew bulletin  |x 0075-5974  |w (DLC) 52017093  |w (OCoLC)7024976 
780 0 0 |t Bulletin of miscellaneous information  |w (DLC) 2007265256  |w (OCoLC)175290670 
850 |a DLC 
856 4 0 |z Full text available from Research Library: 10/01/2000 to 01/31/2008  |u https://search.proquest.com/publication/7513